Word Ladder: Best-Known Bible Verse Quiz Stats

 Plays Quiz Updated Mar 16, 2019

Score 0/26 Timer 02:00
15 Plays Today
Clue 3-Letter Word % Correct
Digit of a footTOE
95.2%
Feminine subjective pronounSHE
94.6%
[rung 1] [rung 6] so loved _____ world...✞ THE ✞
94%
Bro's sibling SIS
93.2%
Immoral actSIN
92.7%
Noise from a pigeonCOO
92.2%
Sticky, slimy substanceGOO
92.1%
[rung 1] _____ so loved [rung 9] world...✞ GOD ✞
91.2%
...that he gave [rung 14] only begotten _____...✞ SON ✞
90.5%
Gear in a machineCOG
90%
...that he gave _____ only begotten [rung 17]...✞ HIS ✞
89.7%
Take a little drinkSIP
89.5%
They, in GermanSIE
88.7%
Clue 3-Letter Word % Correct
Cloud that touches the groundFOG
86.9%
Cool or radHIP
84%
Fox in 'The Fox and the Hound'TOD
83.8%
A huge amountTON
83.2%
...that whosoever believeth in _____ shall [rung 24] perish...✞ HIM ✞
83.1%
...that whosoever believeth in [rung 21] shall _____ perish...✞ NOT ✞
80.8%
Macadamia or pistachio, e.g.NUT
79.7%
Element between germanium and leadTIN
79.2%
'_____ [rung 6] so loved [rung 9] world...✞ FOR ✞
78.7%
Reach first base by batsmanshipHIT
76.6%
Pyromaniac wizard of Monty PythonTIM
70.1%
StolenHOT
67.6%
..._____ have everlasting life.'✞ BUT ✞
60.9%

Today's Daily Dose

Missing Word
TV IA - IZ

Word Ladder
Home Improvement

Get the Picture
Wrist or Ankle Bones

You're not logged in!

Compare scores with friends on all Sporcle quizzes.
OR
Log In

You Might Also Like...

Show Comments

Extras

Top Quizzes Today


Score Distribution

Your Account Isn't Verified!

In order to create a playlist on Sporcle, you need to verify the email address you used during registration. Go to your Sporcle Settings to finish the process.

Report this User

Report this user for behavior that violates our Community Guidelines.

Details: